LEADER 01259nam2 22002891i 450 001 RML0284551 005 20231121125732.0 010 $a0125234473 100 $a20121121d1997 ||||0itac50 ba 101 | $aeng 102 $aus 181 1$6z01$ai $bxxxe 182 1$6z01$an 200 1 $a˜Volume 3: œInfrared and Raman spectral atlas of inorganic compounds and organic salts$einfrared spectra$fRichard A. Nyquist, Curtis L. Putzig, M. Anne Leugers 210 $aNew York $cAcademic press $dc1997 215 $av, 281 p. 461 1$1001RML0284540$12001 $a˜The œhandbook of infrared and Raman spectra of inorganic compounds and organic salts$ea 4-volume set$fRichard A. Nyquist ... [et al.] 676 $a543.08583$9$v21 700 1$aPutzig$b, Curtis L.$3RMLV183629$0542189 801 3$aIT$bIT-01$c20121121 850 $aIT-FR0099 899 $aBiblioteca Area Ingegneristica$bFR0099 912 $aRML0284551 950 2$aBiblioteca Area Ingegneristica$d 54DMS 543 NYQ III$e 54VM 0000543075 VM barcode:BAIN004901. - Inventario:1734MVM$fB $h20050318$i20121204 977 $a 54 996 $aInfrared and Raman spectral atlas of inorganic compounds and organic salts$93627098 997 $aUNICAS